000 02223cas a2200553 a 4500
999 _c8731
_d8731
001 11484907
003 GZU
005 20210524130641.0
008 960909c19949999enkar p 0 a0eng c
010 _a 97648259
015 _aGB9643474
_2bnb
016 7 _a007245122
_2Uk
022 _a1384-623X
_l1384-623X
_22
035 _a(OCoLC)ocm35448320
040 _aUCX
_beng
_cUCX
_dZBL
_dDLC
_dHVL
_dNLGGC
_dDLC
_dUKMGB
_dOCLCQ
_dOCLCF
_dYDXCP
_dOCLCO
_dOCL
_dYDX
_dYLS
_dOCLCA
_dCEF
_dOCLCQ
_dYLS
_dWAU
042 _apcc
050 0 0 _aK670.A53
_bA56
082 0 4 _a346.01/5
_a342.615
_219
222 0 _aInternational survey of family law
245 0 4 _aThe international survey of family law.
260 _31996-<2001> :
_aThe Hague ;
_aBoston :
_bM. Nijhoff ;
_aCambridge, MA :
_bSold and distributed in the U.S.A. and Canada by Kluwer Law International,
_c1996-
264 2 1 _3<2017> :
_aBristol [England] :
_bLexisNexis
264 3 1 _32018- :
_aCambridge [England] ;
_aAntwerp ;
_aChicago :
_bIntersentia
300 _avolumes ;
_c24 cm
310 _aAnnual
336 _atext
_btxt
_2rdacontent
337 _aunmediated
_bn
_2rdamedia
338 _avolume
_bnc
_2rdacarrier
362 0 _a1994-
500 _a"Published on behalf of the International Society of Family Law."
500 _aEdited by Andrew Bainham, 1994-2006; later editors vary.
588 _aLatest issue consulted: 2018 edition.
590 _aSERBIB/SERLOC merged record
650 0 _aDomestic relations
_vPeriodicals.
650 0 _aFamily policy
_vPeriodicals.
650 7 _aDomestic relations.
_2fast
_0(OCoLC)fst00896646
650 7 _aFamily policy.
_2fast
_0(OCoLC)fst00920433
650 1 7 _aFamilierecht.
_2gtt
655 7 _aPeriodicals.
_2fast
_0(OCoLC)fst01411641
655 7 _aPeriodicals.
_2lcgft
700 1 _31994-2006:
_aBainham, Andrew,
_eeditor.
710 2 _aInternational Society on Family Law,
_eissuing body.
776 0 8 _iOnline version:
_tInternational survey of family law
_w(DLC) 2020256569
_w(OCoLC)910558459
780 0 0 _tAnnual survey of family law
_w(DLC) 83641536
_w(OCoLC)7702984
906 _a7
_bcbc
_cserials
_du
_encip
_f19
_gn-oclcserc
942 _2lcc
_cBK
_e2011th
_h670
_iINT
_kK
_m2011